La phyllotaxie (Record no. 41707)

MARC details
000 -LEADER
fixed length control field 00591 a2200253 4500
037 ## - SOURCE OF ACQUISITION
Source of stock number/acquisition 1, Achat
037 ## - SOURCE OF ACQUISITION
Stock number 9883
100 ## - VEDETTE PRINCIPALE - NOM DE PERSONNE
Personal name Loiseau, J.-E.
100 ## - VEDETTE PRINCIPALE - NOM DE PERSONNE
Language of a work Fr
260 ## - PUBLICATION, DISTRIBUTION, ETC. (IMPRINT)
Place of publication, distribution, etc Paris
260 ## - PUBLICATION, DISTRIBUTION, ETC. (IMPRINT)
Name of publisher, distributor, etc Masson et Cie
245 ## - TITLE STATEMENT
Title La phyllotaxie
260 ## - PUBLICATION, DISTRIBUTION, ETC. (IMPRINT)
Date of publication, distribution, etc 1969
300 ## - PHYSICAL DESCRIPTION
Extent 223 p.
300 ## - PHYSICAL DESCRIPTION
Other physical details 24cm
440 ## - SERIES STATEMENT/ADDED ENTRY--TITLE
Number of part/section of a work 4
440 ## - SERIES STATEMENT/ADDED ENTRY--TITLE
Title Collection de monographies de botanique et de biologie végétale
630 ## - SUBJECT ADDED ENTRY--UNIFORM TITLE
Uniform title 58 - Botanique
650 ## - SUBJECT ADDED ENTRY--TOPICAL TERM
Topical term or geographic name as entry element 5 - SCIENCES EXACTES ET NATURELLES
650 ## - SUBJECT ADDED ENTRY--TOPICAL TERM
Topical term or geographic name as entry element Biologie végétale
700 ## - ADDED ENTRY--PERSONAL NAME
Personal name préf., Plantefol, L.
Holdings
Withdrawn status Lost status Damaged status Not for loan Location (home branch) Sublocation or collection (holding branch) Date acquired Koha issues (times borrowed) Koha full call number Koha date last seen Price effective from Koha item type
        Bibliothèque Universitaire Centrale Bibliothèque Universitaire Centrale 28/02/2009   581.4 LOI 28/02/2009 28/02/2009 Livre


© 2008, Bibliothèques de l'Université d'Abomey-Calavi

04 BP 789 Cotonou, Tél. : +229 21 36 01 01, Fax : +229 21 35 06 32

Courriel : bu@bu.uac.bj